Central Library OPAC University of Rajshahi

The employment of Cambridge graduates / (Record no. 61428)

MARC details
000 -LEADER
fixed length control field 00840nam a2200289 a 4500
001 - CONTROL NUMBER
control field 61428
003 - CONTROL NUMBER IDENTIFIER
rucl marc code BD-RjUL
005 - DATE AND TIME OF LATEST TRANSACTION
control field 20211209080949.0
008 - FIXED-LENGTH DATA ELEMENTS--GENERAL INFORMATION
fixed length control field 170117s1963 maua s 000 0 eng d
035 ## - SYSTEM CONTROL NUMBER
System control number BD-RjUL 61552
System control number (OCoLC)00982195
System control number GLIS00430575
040 ## - CATALOGING SOURCE
Original cataloging agency DLC
Transcribing agency DLC
Modifying agency m.c.
Language of cataloging eng
041 ## - LANGUAGE CODE
Language code of text/sound track or separate title eng
082 ## - DEWEY DECIMAL CLASSIFICATION NUMBER
Edition number 23
Classification number 331.11445
Author mark and year CRE 1963
090 ## - LOCALLY ASSIGNED LC-TYPE CALL NUMBER (OCLC); LOCAL CALL NUMBER (OCLC)
Classification number (OCLC) (R) ; Classification number, CALL (RLIN) (NR) HD8038.G7
Local cutter number (OCLC) ; Book number/undivided call number, CALL (RLIN) C886
099 ## - LOCAL FREE-TEXT CALL NUMBER (OCLC)
Bangla Class number HD8038.G7.C886
100 1# - MAIN ENTRY--PERSONAL NAME
Personal name Craig, Christine.
9 (RLIN) 183122
245 14 - TITLE STATEMENT
Title The employment of Cambridge graduates /
Statement of responsibility, etc. by Christine Craig.
260 ## - PUBLICATION, DISTRIBUTION, ETC. (IMPRINT)
Place of publication, distribution, etc. Cambridge :
Name of publisher, distributor, etc. University Press,
Date of publication, distribution, etc. 1963.
300 ## - PHYSICAL DESCRIPTION
Pagination xi, 102 p. :
Illustrations ill. ;
Size 25 cm.
610 20 - SUBJECT ADDED ENTRY--CORPORATE NAME
Corporate name or jurisdiction name as entry element University of Cambridge
650 #0 - SUBJECT ADDED ENTRY--TOPICAL TERM
Topical term or geographic name as entry element College graduates
General subdivision Employment
Geographic subdivision Great Britain.
9 (RLIN) 183123
942 ## - ADDED ENTRY ELEMENTS (KOHA)
Source of classification or shelving scheme Dewey Decimal Classification
Koha item type Books
949 ## - LOCAL PROCESSING INFORMATION (OCLC)
a MYGD
Holdings
Lost status Source of classification or shelving scheme Damaged status Not for loan Collection code Permanent Location Current Location Shelving location Date acquired Source of acquisition Total Checkouts Full call number Date last seen Copy number Koha item type
  Dewey Decimal Classification   Not For Loan Non-fiction Central Library, University of Rajshahi Central Library, University of Rajshahi Reading Room 07/01/1970 Sweets & Zeetlinger   331.11445 CRE 1963 17/01/2017 C-1 Books